Ahvenanmaan kunnat kartalla - Statistics

Yleistilastot
  • Tätä visaa on pelattu 9 032 kertaa
  • Keskiarvotulos 11 / 16
Vastaukset kartalla
Vastauksille on annettu kartalla punavihreä väri sen mukaan, kuinka moni on saanut sen oikein.
 
Vastaustilastot
Vaakuna Väkiluku Kunta % Oikein
8 11 888 Maarianhamina
99%
eckerö 952 Eckerö
87%
brändö 445 Brändö
73%
1 516 Geta
73%
3 5 768 Jomala
72%
2 1 647 Hammarland
69%
föglö 510 Föglö
68%
7 364 Lumparland
68%
10 115 Sottunga
68%
11 1007 Sund
68%
5 226 Kökar
67%
6 2 140 Lemland
66%
12 467 Vårdö
65%
finström 2 637 Finström
64%
9 1 775 Saltvik
63%
4 277 Kumlinge
61%
Ehtoja vastaavia visoja ei löytynyt
Tulosjakauma
Jokaisen tuloksen saaneiden osuus
Persentiili vastausten määrän mukaan
Tuloshistoriasi
Et ole pelannut tätä visaa